West african urbanization: a study of voluntary association in social change

Guardat en:
Dades bibliogràfiques
Autor principal: Little, Kenneth (autor)
Format: Llibre
Idioma:anglès
Publicat: Cambridge Cambridge University 1965
Matèries:
Etiquetes: Afegir etiqueta
Sense etiquetes, Sigues el primer a etiquetar aquest registre!

MARC

LEADER 00000nam a2200000 a 4500
001 UCP5919
003 CL-VaPUC
008 991001e19650000uk |||||||||||||||||eng|d
082 0 4 |a 307.7609  |b LIT  |2 21 
100 |a Little, Kenneth  |e autor  |9 436253 
245 1 0 |a West african urbanization: a study of voluntary association in social change 
300 |a 179 p 
942 |c BK 
945 |d 19991001 00:00:00  |a crobeson 
260 |a Cambridge  |b Cambridge University  |c 1965 
650 0 |a Urbanización   |9 265706 
650 0 |a Sociología urbana  |9 268099 
650 0 |a Comunidades  |9 337024 
650 0 |a Tribus  |9 353059 
650 0 |a Clases sociales  |9 256858 
650 0 |a Cambio social   |9 256857 
651 0 |a África  |9 256790 
583 |a last modification  |c 20130806 08:02:39  |k Rodrigo Vera 
999 |c 283556  |d 283554 
952 |0 0  |1 0  |4 0  |6 307_760900000000000_LIT_1965  |7 0  |8 A  |9 326820  |a BIBHIS  |b BIBHIS  |d 2019-11-20  |i 1358006  |o 307.7609 LIT 1965  |p 1358006  |r 2025-01-20  |w 2019-11-20  |y BK  |k HIS